000 00576nam a2200217Ia 4500
003 OSt
005 20220928144518.0
006 a|||||r|||| 00| 0
007 ta
008 220927b |||||||| |||| 00| 0 eng d
024 _a71197
037 _cTextual
040 _aSDCL
_cSDCL
_beng
041 _2eng
_aeng
082 _aX9(F555):8F.2'N9, N1
100 _aAbu-Tayeh Samir Ata
_9507882
245 0 _aOperational efficiency accounting.
260 _c1991
942 _hX9(F555):8F.2'N9, N1
_cTEXL
_2CC
999 _c827398
_d827398